| 000 | 00822nam a2200229Ii 4500 | ||
|---|---|---|---|
| 003 | JO-AjNU | ||
| 008 | 230605s9999||||xx |||||||||||||| ||und|| | ||
| 017 | _a2012/1/168 | ||
| 020 | _a378-3357-414-93-1 | ||
| 040 |
_aJO-AjNU _bara _erda _cJO-AjNU |
||
| 041 | _aara | ||
| 050 | 1 | 4 | _aPJ7519.Q8.I52 2012 |
| 100 | 3 |
_aعليان،حسن , _eauthor _957501 |
|
| 245 | 0 | 0 | _aالقدس: الواقع والتاريخ في الرواية العربية |
| 250 | _aط1 | ||
| 264 | 3 | 1 | _aعمان:دار البركة للنشر والتوزيع،2012 |
| 300 |
_a439ص _bببليوجرافيا437-439 |
||
| 336 |
_atext _btxt _2rdacontent |
||
| 337 |
_aunmediated _bn _2rdamedia |
||
| 338 |
_avolume _bnc _2rdacarrier |
||
| 650 | 4 |
_aالقصص العربية-القدس-النقد الادبي-التحليل الادبي _957502 |
|
| 999 |
_aA25773 _c29341 _d29341 |
||